000 00402nam a2200133Ia 4500
008 151001s9999||||xx |||||||||||||| ||und||
100 _aस्वेट मॉर्डेन
245 _aआपकी उन्नती के सूत्र
250 _a1
260 _bसंदर्भ प्रकाशन सांगली
260 _c2007
300 _a152
365 _b21
999 _c990511
_d990508